000
00308nam a2200133Ia 4500
008
190216s9999||||xx |||||||||||||| ||und||
100
_a
Soman. K
245
0
_a
Ganithasastrabodhanam
250
_a
1st Ed.
260
_b
Kerala Bhasha Institute
_c
1970
300
_a
313
650
_a
Mathematics
942
_c
BK
999
_c
37528
_d
37528